01591nam a2200301 a 450000100100000000500170001000800410002702000180006804000250008608200190011111100990013024501500022926000510037930000280043050501740045859000260063265000290065865000310068765000300071865000340074870000400078270000350082271000580085795201270091595201120104295201180115499900170127200004853120260428073714.0190328s2013 dr 000 0 spa d a9789945874266 aDO-SdBNPbspacBNPHU aRD863.5cC744c2 aConcurso Literario Letra Naturaln(3er.d2013 :cSanto Domingo, República Dominicana)97598910aCuentos ganadores del tercer concurso literario Letra Natural /cJean Carlos Navarro Reynoso...[et.al]; ilustración Arlete Espaillat...[et.a.]. aSanto Domingo :bFundación Propa-Gas,c2013. a79 p. :bils. ;c21 cm.0 aYo soy Nizao/rJean Carlos --tFeliberto, El valle y la bolsa plástica /rFernando Emilio Henríquez --t!Seré Recuerdo¡ /rMaría Fernanda Gutiérrez Sánchez. aInventariado, 2019/VM 0aCuentos dominicanos9176 0aLiteratura dominicana.967 0aPremios literarios 91542 4aCertámenes literarios915411 aNavarro Reynoso, Jean Carlos9759901 aEspaillat, Arleteeils.9759912 aFundación Propa-Gas (República Dominicana)975992 001054708DSaGRbGRcHDd2019-03-28iLF1l0oRD863.5 p48531-30r2020-06-25te. 3w2020-06-25yLFDSZPréstamo en sala 0010718PDaPDbPDcHDd2019-03-28iLF1l0oRD863.5 p48531-10r2020-06-25w2020-06-25yLFPDZNo se presta 0010718PDaPDbPDcHDd2019-03-28iLF1l0oRD863.5 p48531-20r2020-06-25te. 2w2020-06-25yLFPDZNo se presta c48019d48019